000 00770nam a2200241Ia 4500
003 OSt
005 20220923214354.0
006 a|||||r|||| 00| 0
007 ta
008 220922b |||||||| |||| 00| 0 hin d
024 _a169,251
037 _cTextual
040 _aARTS
_cARTS
_bhin
041 _2hin
_ahin
082 _aO152,1J03:g, J6
100 _aचतुर्वेदी, परशुराम, संपा.
245 0 _aमीराबाई की पदावली
246 _aMīrābāī kī padāvalī
260 _c1956
650 _aहिन्दी साहित्य
_9156264
942 _hO152,1J03:g, J6
_cTEXL
_2CC
999 _c323707
_d323707